Blink: The power of thinking without thinking (Record no. 42499)
[ view plain ]
| 000 -LEADER | |
|---|---|
| fixed length control field | 00324nam a2200121Ia 4500 |
| 020 ## - INTERNATIONAL STANDARD BOOK NUMBER | |
| ISBN | 071399844X |
| 082 ## - DEWEY DECIMAL CLASSIFICATION NUMBER | |
| Classification number | 159.955 |
| Item number | GLA |
| 100 ## - MAIN ENTRY--AUTHOR NAME | |
| Personal name | Gladwell, Malcolm |
| 245 #0 - TITLE STATEMENT | |
| Title | Blink: The power of thinking without thinking |
| 260 ## - PUBLICATION, DISTRIBUTION, ETC. (IMPRINT) | |
| Place of publication | England |
| Name of publisher | Penguin Books |
| Year of publication | 2005 |
| 942 ## - ADDED ENTRY ELEMENTS (KOHA) | |
| Koha item type | Books |
| Withdrawn status | Lost status | Damaged status | Not for loan | Home library | Current library | Date acquired | Full call number | Accession Number | Koha item type |
|---|---|---|---|---|---|---|---|---|---|
| RRII Library | RRII Library | 16/12/2021 | 159.955 GLA | 22771 | Books |